000 01722nam a2200265Ia 4500
008 260220t1977||||xx |||||||||||||| ||spa||
040 _aPY-SlUNAC
_bspa
_erda
041 _aspa
082 _a335.4
_bM392m
100 _aMarx, K.
_eAutor
245 0 _aEl manifiesto comunista /
_cpor K. Marx [Autor] y Engels F. [Autor]
250 _aCuarta edición
264 _aMadrid :
_bAyuso,
_c℗1977.
300 _a1 volumen
520 _a"El manifiesto comunista", escrito por Karl Marx y Friedrich Engels, es un texto fundamental que expone las bases del comunismo y critica las condiciones sociales y económicas de su tiempo. Publicado originalmente en 1848, el manifiesto argumenta que la historia de la humanidad es la historia de la lucha de clases, donde las tensiones entre burgueses y proletarios son centrales. Marx y Engels abogan por la abolición de la propiedad privada y la creación de una sociedad sin clases, donde los medios de producción sean de propiedad colectiva. El texto también detalla el impacto del capitalismo en la deshumanización de los trabajadores y su explotación. A lo largo de sus secciones, se presenta un llamado a la acción para que los proletarios de todo el mundo se unan en la lucha contra la opresión. El manifiesto ha tenido un impacto duradero en el pensamiento político y social, influyendo en movimientos revolucionarios y en la teoría marxista a lo largo de los siglos.
653 _aComunismo
653 _aHistoria económica
653 _aTeoría política
700 _aEngels F.
_eAutor
942 _b2026/02/17
_cBK
999 _c7121
_d7121